[Event "Medellin Flores op 23rd"]
[Site "Medellin"]
[Date "2016.08.07"]
[Round "8"]
[White "Salazar, Aura Cristina"]
[Black "Zapata Cuartas, Juan Carlos"]
[Result "1-0"]
[WhiteElo "2139"]
[BlackElo "2082"]
[PlyCount "75"]
[EventDate "2016.08.03"]
[EventType "swiss"]
[EventRounds "9"]
[EventCountry "COL"]
[SourceTitle "CBM 173 Extra"]
[Source "ChessBase"]
[SourceDate "2016.08.29"]
[SourceVersion "1"]
[SourceVersionDate "2016.08.29"]
[SourceQuality "1"]

1. e4 c5 2. Nf3 d6 3. d4 cxd4 4. Nxd4 Nf6 5. Nc3 a6 6. Be3 e5 7. Nf3 h6 8. Bc4 Qc7 9. Bb3 Nbd7 10. 0-0 Be7 11. a4 Nc5 12. Nd5 Nxd5 13. Bxd5 Be6 14. Bxc5 Qxc5 15. Bxb7 Rb8 16. Bxa6 Rxb2 17. Bb5+ Bd7 18. c4 Bxb5 19. cxb5 0-0 20. Ne1 Qc3 21. Rc1 Qa3 22. Nd3 Ra2 23. b6 Bg5 24. Rc2 Qxa4 25. Rxa2 Qxa2 26. Nb4 Qa5 27. Nd5 Rb8 28. Qb3 Qc5 29. g3 Qd4 30. Re1 Bd8 31. b7 Qa7 32. Rb1 h5 33. Qb5 Kf8 34. Qd7 Qc5 35. Ra1 h4 36. Ra8 Qc1+ 37. Kg2 h3+ 38. Qxh3 1-0

[Event "Medellin Flores op 23rd"]
[Site "Medellin"]
[Date "2016.08.03"]
[Round "1"]
[White "Acosta Cruz, Luis Ivan"]
[Black "Salazar, Aura Cristina"]
[Result "0-1"]
[WhiteElo "1838"]
[BlackElo "2139"]
[PlyCount "58"]
[EventDate "2016.08.03"]
[EventType "swiss"]
[EventRounds "9"]
[EventCountry "COL"]
[SourceTitle "CBM 173 Extra"]
[Source "ChessBase"]
[SourceDate "2016.08.29"]
[SourceVersion "1"]
[SourceVersionDate "2016.08.29"]
[SourceQuality "1"]

1. d4 Nf6 2. c4 g6 3. Nc3 Bg7 4. e4 d6 5. f3 0-0 6. Bg5 c5 7. d5 e6 8. Qd2 exd5 9. cxd5 a6 10. h4 b5 11. a3 Re8 12. Be2 Nbd7 13. Nh3 c4 14. Nf2 Nc5 15. Rd1 Qc7 16. g4 Rb8 17. Qf4 Nfd7 18. Qe3 a5 19. Rd2 b4 20. axb4 axb4 21. Ncd1 c3 22. bxc3 bxc3 23. Nxc3 Nb3 24. Nb5 Rxb5 25. Bxb5 Nxd2 26. Nd1 Nxf3+ 27. Qxf3 Qa5+ 28. Bd2 Qxb5 29. Rf1 Ne5 0-1

[Event "COL-ch pre olympic (Women)"]
[Site "Antioquia"]
[Date "2016.06.17"]
[Round "10"]
[White "Salazar, Aura Cristina"]
[Black "Mateus, Martha"]
[Result "1-0"]
[WhiteElo "2154"]
[BlackElo "2162"]
[PlyCount "87"]
[EventDate "2016.06.11"]
[EventType "tourn"]
[EventRounds "11"]
[EventCountry "COL"]
[SourceTitle "CBM 173 Extra"]
[Source "ChessBase"]
[SourceDate "2016.08.29"]
[SourceVersion "1"]
[SourceVersionDate "2016.08.29"]
[SourceQuality "1"]

1. e4 c5 2. Nf3 d6 3. d4 cxd4 4. Nxd4 Nf6 5. Nc3 a6 6. Be3 e5 7. Nf3 Be7 8. Bc4 0-0 9. 0-0 Be6 10. Bb3 Nc6 11. Qe2 Na5 12. Rfd1 Nxb3 13. axb3 Qe8 14. Bg5 Qc6 15. Bxf6 Bxf6 16. Nd5 Bxd5 17. Rxd5 Be7 18. Qd3 g6 19. Nd2 f5 20. exf5 gxf5 21. Nc4 Rf6 22. Rd1 e4 23. Qd2 Raf8 24. Qf4 Kh8 25. c3 Rg6 26. Nxd6 e3 27. Qe5+ Bf6 28. Qxe3 Bg7 29. Qe7 Kg8 30. h4 h5 31. Qe2 Rff6 32. Nc4 Rg4 33. Ne5 Qe6 34. Qf3 Re4 35. Rd8+ Kh7 36. Nd3 Rxh4 37. Nf4 Qe4 38. Qxe4 fxe4 39. g3 Rg4 40. Nxh5 Rf7 41. R8d7 Kg6 42. Rxf7 Kxh5 43. Rdd7 Be5 44. Rf5+ 1-0

[Event "COL-ch pre olympic (Women)"]
[Site "Antioquia"]
[Date "2016.06.14"]
[Round "6"]
[White "Salazar, Aura Cristina"]
[Black "Castrillon Gomez, Melissa"]
[Result "1-0"]
[WhiteElo "2154"]
[BlackElo "2214"]
[PlyCount "65"]
[EventDate "2016.06.11"]
[EventType "tourn"]
[EventRounds "11"]
[EventCountry "COL"]
[SourceTitle "CBM 173 Extra"]
[Source "ChessBase"]
[SourceDate "2016.08.29"]
[SourceVersion "1"]
[SourceVersionDate "2016.08.29"]
[SourceQuality "1"]

1. e4 c5 2. Nf3 Nc6 3. d4 cxd4 4. Nxd4 e5 5. Nb5 d6 6. N1c3 a6 7. Na3 Be7 8. g3 Nf6 9. Bg5 Bg4 10. Be2 Be6 11. 0-0 b5 12. Bxf6 Bxf6 13. Nd5 Ne7 14. Nxf6+ gxf6 15. c4 bxc4 16. Bxc4 h5 17. Qb3 Qd7 18. Rfd1 Rd8 19. Qf3 Bxc4 20. Qxf6 Qe6 21. Qxh8+ Kd7 22. Qxh5 Bxa2 23. Rxa2 Qxa2 24. Qxe5 Nc8 25. Qd4 Qb3 26. Nc4 Ke7 27. e5 d5 28. Qh4+ Ke8 29. Qh8+ Ke7 30. Qf6+ Ke8 31. Rd4 Ne7 32. Nd6+ Kd7 33. Nxf7 1-0

[Event "COL-ch pre olympic (Women)"]
[Site "Antioquia"]
[Date "2016.06.14"]
[Round "5"]
[White "Salazar, Aura Cristina"]
[Black "Franco Valencia, Angela Maria"]
[Result "1-0"]
[WhiteElo "2154"]
[BlackElo "2245"]
[PlyCount "103"]
[EventDate "2016.06.11"]
[EventType "tourn"]
[EventRounds "11"]
[EventCountry "COL"]
[SourceTitle "CBM 173 Extra"]
[Source "ChessBase"]
[SourceDate "2016.08.29"]
[SourceVersion "1"]
[SourceVersionDate "2016.08.29"]
[SourceQuality "1"]

1. e4 e5 2. Nf3 Nc6 3. Bb5 a6 4. Ba4 Nge7 5. c3 g6 6. d4 exd4 7. cxd4 b5 8. Bb3 Bg7 9. 0-0 d6 10. Nc3 0-0 11. h3 Na5 12. Bc2 Bb7 13. Bg5 h6 14. Bh4 g5 15. Bg3 Nc4 16. a4 b4 17. Ne2 a5 18. Bb3 Nb6 19. Qc2 Rc8 20. Rfd1 Ng6 21. e5 Bxf3 22. gxf3 d5 23. Qc6 Re8 24. Rac1 Re6 25. Qb5 Nc4 26. Rxc4 dxc4 27. Qxc4 Nf4 28. d5 Rxe5 29. Nxf4 gxf4 30. Qxf4 Qd7 31. Kg2 Re2 32. d6 cxd6 33. Rxd6 Qb7 34. Qg4 Re7 35. Rg6 Qd7 36. Rxg7+ Kh8 37. Qxd7 Rxd7 38. Be5 Rg8 39. Rg4+ Kh7 40. Bc2+ Rg6 41. Bxg6+ fxg6 42. Rc4 Rd5 43. Rc7+ Kg8 44. f4 g5 45. Kf3 Rd3+ 46. Ke4 Rxh3 47. f5 Rh1 48. Kd5 Rd1+ 49. Ke6 Rd8 50. f6 Re8+ 51. Kf5 Rd8 52. Kg6 1-0

[Event "COL pre olympic sf (Women)"]
[Site "Bogota"]
[Date "2016.05.28"]
[Round "6"]
[White "Paez, Sussi Brigitte"]
[Black "Salazar, Aura Cristina"]
[Result "0-1"]
[WhiteElo "1324"]
[BlackElo "2137"]
[PlyCount "32"]
[EventDate "2016.05.25"]
[EventType "swiss"]
[EventRounds "9"]
[EventCountry "COL"]
[SourceTitle "CBM 172 Extra"]
[Source "ChessBase"]
[SourceDate "2016.06.21"]
[SourceVersion "1"]
[SourceVersionDate "2016.06.21"]
[SourceQuality "1"]

1. d4 Nf6 2. Nf3 g6 3. c4 Bg7 4. Nc3 0-0 5. e3 d6 6. Bd3 Re8 7. 0-0 e5 8. Qc2 Qe7 9. Nd5 Nxd5 10. cxd5 e4 11. Bxe4 Qxe4 12. Qc4 c6 13. dxc6 d5 14. cxb7 dxc4 15. bxa8Q Qxa8 16. Bd2 Bb7 0-1

[Event "COL pre olympic sf (Women)"]
[Site "Bogota"]
[Date "2016.05.27"]
[Round "4"]
[White "Munoz Monroy, Cinthya Carolina"]
[Black "Salazar, Aura Cristina"]
[Result "1-0"]
[WhiteElo "1936"]
[BlackElo "2137"]
[PlyCount "45"]
[EventDate "2016.05.25"]
[EventType "swiss"]
[EventRounds "9"]
[EventCountry "COL"]
[SourceTitle "CBM 172 Extra"]
[Source "ChessBase"]
[SourceDate "2016.06.21"]
[SourceVersion "1"]
[SourceVersionDate "2016.06.21"]
[SourceQuality "1"]

1. e4 c5 2. Nf3 Nc6 3. d4 cxd4 4. c3 Nf6 5. e5 Nd5 6. Bc4 Nb6 7. Bb3 d5 8. exd6 Qxd6 9. 0-0 Be6 10. Na3 dxc3 11. Qe2 Bxb3 12. axb3 c2 13. Nb5 Qd8 14. Bf4 Nd5 15. Nd6+ Kd7 16. Nxf7 Qb6 17. Nxh8 Qxb3 18. Ra3 Qxb2 19. Qd3 e6 20. Rb3 Qa2 21. Rxb7+ Kc8 22. Qb5 Ndb4 23. Nf7 1-0

[Event "COL pre olympic sf (Women)"]
[Site "Bogota"]
[Date "2016.05.26"]
[Round "3"]
[White "Salazar, Aura Cristina"]
[Black "Cespedes Galindo, Estefania"]
[Result "1-0"]
[WhiteElo "2137"]
[BlackElo "1713"]
[PlyCount "79"]
[EventDate "2016.05.25"]
[EventType "swiss"]
[EventRounds "9"]
[EventCountry "COL"]
[SourceTitle "CBM 172 Extra"]
[Source "ChessBase"]
[SourceDate "2016.06.21"]
[SourceVersion "1"]
[SourceVersionDate "2016.06.21"]
[SourceQuality "1"]

1. e4 c5 2. Nf3 Nc6 3. d4 cxd4 4. Nxd4 e5 5. Nb5 d6 6. N1c3 a6 7. Na3 b5 8. Nd5 Nce7 9. c4 Nxd5 10. exd5 f5 11. Be2 Nf6 12. 0-0 Be7 13. cxb5 0-0 14. bxa6 Bxa6 15. Bxa6 Rxa6 16. Qd3 Ra5 17. Qxf5 Rxd5 18. Qe6+ Kh8 19. Bg5 Rc5 20. b4 Rc8 21. Nc4 h6 22. Bxf6 Rxf6 23. Qd5 Rf4 24. Na5 Qb6 25. g3 Rxb4 26. Nb3 Rbc4 27. Qe6 Bf6 28. Nd2 R4c6 29. Ne4 Qd8 30. Qd5 Qg8 31. Nxf6 gxf6 32. Qd2 Qg5 33. f4 Qg7 34. fxe5 Rc2 35. Qe3 fxe5 36. Rac1 d5 37. Rxc2 Rxc2 38. Qb6 Rxa2 39. Qe6 e4 40. Qe8+ 1-0

[Event "COL pre olympic sf (Women)"]
[Site "Bogota"]
[Date "2016.05.25"]
[Round "1"]
[White "Salazar, Aura Cristina"]
[Black "Viveros Torres, Erica Johana"]
[Result "1-0"]
[WhiteElo "2137"]
[BlackElo "1779"]
[PlyCount "65"]
[EventDate "2016.05.25"]
[EventType "swiss"]
[EventRounds "9"]
[EventCountry "COL"]
[SourceTitle "CBM 172 Extra"]
[Source "ChessBase"]
[SourceDate "2016.06.21"]
[SourceVersion "1"]
[SourceVersionDate "2016.06.21"]
[SourceQuality "1"]

1. e4 c5 2. Nf3 d6 3. d4 cxd4 4. Nxd4 Nf6 5. Nc3 Nc6 6. Bc4 e6 7. Bb3 Be7 8. Be3 a6 9. h3 Qc7 10. g4 h6 11. Qe2 b5 12. 0-0-0 Rb8 13. h4 Nxd4 14. Bxd4 e5 15. g5 exd4 16. gxf6 dxc3 17. fxe7 cxb2+ 18. Kb1 Kxe7 19. Rhg1 g6 20. f4 Qc3 21. h5 Rg8 22. f5 g5 23. f6+ Kd7 24. Rxd6+ Kxd6 25. Qh2+ Kc5 26. Qc7+ Kd4 27. Rd1+ Kxe4 28. Qxc3 Bb7 29. Re1+ Kf5 30. Qe5+ Kg4 31. Rg1+ Kf3 32. Rg3+ Kf2 33. Qc3 1-0

[Event "Medellin Aristizabal Cup"]
[Site "Medellin"]
[Date "2016.05.18"]
[Round "1"]
[White "Ruiz Agudelo, Santiago"]
[Black "Salazar, Aura Cristina"]
[Result "0-1"]
[WhiteElo "1716"]
[BlackElo "2137"]
[PlyCount "68"]
[EventDate "2016.05.18"]
[EventType "swiss"]
[EventRounds "7"]
[EventCountry "COL"]
[SourceTitle "CBM 172 Extra"]
[Source "ChessBase"]
[SourceDate "2016.06.21"]
[SourceVersion "1"]
[SourceVersionDate "2016.06.21"]
[SourceQuality "1"]

1. e4 c5 2. Nf3 d6 3. d4 cxd4 4. Nxd4 Nf6 5. Nc3 g6 6. Be3 Bg7 7. f3 0-0 8. Bc4 Nc6 9. Qd2 Bd7 10. 0-0-0 Rc8 11. Bb3 Ne5 12. Kb1 Re8 13. h4 h5 14. g4 Nc4 15. Bxc4 Rxc4 16. b3 Rc8 17. Nd5 e5 18. Ne2 hxg4 19. h5 Nxd5 20. Qxd5 gxf3 21. Ng3 Be6 22. Qd2 f5 23. Bh6 f4 24. Bxg7 Kxg7 25. hxg6 Rh8 26. Nh5+ Kxg6 27. Rdg1+ Kf7 28. Rg7+ Kf8 29. Rg6 Bf7 30. Rxd6 Qg5 31. Qb4 Qe7 32. Qd2 Rxh5 33. Rg1 f2 34. Rf1 Rh2 0-1

[Event "Cappelle op 30th"]
[Site "Cappelle la Grande"]
[Date "2014.03.05"]
[Round "6"]
[White "Eingorn, Vereslav S"]
[Black "Salazar, Aura Cristina"]
[Result "1-0"]
[WhiteElo "2556"]
[BlackElo "2182"]
[PlyCount "73"]
[EventDate "2014.03.01"]
[EventType "swiss"]
[EventRounds "9"]
[EventCountry "FRA"]
[SourceTitle "CBM 159 Extra"]
[Source "ChessBase"]
[SourceDate "2014.04.24"]
[SourceVersion "1"]
[SourceVersionDate "2014.04.24"]
[SourceQuality "1"]

1. d4 Nf6 2. c4 g6 3. Nc3 Bg7 4. e4 d6 5. Be2 0-0 6. Nf3 e5 7. d5 a5 8. 0-0 Na6 9. Bg5 h6 10. Be3 Ng4 11. Bd2 f5 12. exf5 Bxf5 13. h3 Nf6 14. Be3 Ne4 15. Nxe4 Bxe4 16. Nd2 Bf5 17. Bf3 Qh4 18. g3 Qe7 19. Bg2 Bd3 20. Re1 Nb4 21. Be4 Qd7 22. a3 Bxe4 23. Nxe4 Qf5 24. axb4 Qxe4 25. bxa5 Qxc4 26. Rc1 Qb5 27. Rxc7 Qxa5 28. Rxb7 Rab8 29. Ra7 Qb4 30. Rf1 h5 31. Qc2 e4 32. Qc7 Qxb2 33. Bh6 e3 34. Qxg7+ Qxg7 35. Rxg7+ Kh8 36. fxe3 Rxf1+ 37. Kxf1 1-0

[Event "Cappelle op 30th"]
[Site "Cappelle la Grande"]
[Date "2014.03.03"]
[Round "3"]
[White "Salazar, Aura Cristina"]
[Black "Sharif, Mershad"]
[Result "0-1"]
[WhiteElo "2182"]
[BlackElo "2444"]
[PlyCount "136"]
[EventDate "2014.03.01"]
[EventType "swiss"]
[EventRounds "9"]
[EventCountry "FRA"]
[SourceTitle "CBM 159 Extra"]
[Source "ChessBase"]
[SourceDate "2014.04.24"]
[SourceVersion "1"]
[SourceVersionDate "2014.04.24"]
[SourceQuality "1"]

1. e4 d5 2. exd5 Qxd5 3. Nc3 Qd6 4. d4 Nf6 5. Nf3 c6 6. Ne5 Be6 7. Bc4 Bxc4 8. Nxc4 Qd8 9. 0-0 e6 10. Bf4 Be7 11. Qd3 0-0 12. Rad1 Nbd7 13. h3 Nb6 14. Ne5 a5 15. Bh2 a4 16. a3 Nc8 17. Ne2 Qb6 18. c4 Qa6 19. Nc3 Nb6 20. Rfe1 Rfe8 21. Re3 Red8 22. Rf3 Nbd7 23. g4 Nxe5 24. Bxe5 b6 25. Re1 Ra7 26. g5 Nd7 27. Bxg7 Nc5 28. Qe2 Kxg7 29. dxc5 bxc5 30. Qe5+ Kg8 31. Re4 Bf8 32. Rh4 Bg7 33. Qe4 Rd4 34. Qxh7+ Kf8 35. Ne2 Qxc4 36. Nxd4 cxd4 37. g6 f5 38. Re4 Qd5 39. Qh4 Rd7 40. Ref4 c5 41. Qh5 Ke8 42. Rd3 Rb7 43. Rd2 Rb3 44. Rh4 Qc4 45. Kg2 Qb5 46. Qd1 d3 47. Rh7 Kf8 48. Rxg7 Kxg7 49. Qh5 Qb7+ 50. Kg1 c4 51. f3 Qb6+ 52. Kh1 Qe3 53. Qh7+ Kf6 54. Qh4+ Ke5 55. g7 Rb8 56. Qg3+ Qf4 57. Qg2 Rg8 58. Rd1 Kf6 59. Rg1 Qh6 60. Qh2 Rxg7 61. Re1 Rd7 62. Qe5+ Kf7 63. Kg2 Qg7+ 64. Qxg7+ Kxg7 65. Kf2 Rb7 66. Rxe6 Rxb2+ 67. Ke1 c3 68. Rc6 Rb1+ 0-1

[Event "Barbera del Valles op 36th"]
[Site "Barbera del Valles"]
[Date "2013.07.11"]
[Round "8"]
[White "Salazar, Aura Cristina"]
[Black "Valdes Romero, Leonardo"]
[Result "0-1"]
[WhiteElo "2200"]
[BlackElo "2444"]
[PlyCount "94"]
[EventDate "2013.07.04"]
[EventType "swiss"]
[EventRounds "9"]
[EventCountry "ESP"]
[SourceTitle "CBM 155 Extra"]
[Source "ChessBase"]
[SourceDate "2013.08.26"]
[SourceVersion "1"]
[SourceVersionDate "2013.08.26"]
[SourceQuality "1"]

1. e4 d6 2. d4 Nf6 3. Nc3 g6 4. Be2 Bg7 5. Be3 Nc6 6. Nf3 0-0 7. 0-0 a6 8. h3 e5 9. dxe5 dxe5 10. Bg5 Be6 11. Qc1 Re8 12. Rd1 Qc8 13. Bh6 b5 14. a3 Qb7 15. b4 Rad8 16. Rxd8 Rxd8 17. Bd3 Nh5 18. Nd5 Bxd5 19. exd5 Nd4 20. Nxd4 exd4 21. Bxg7 Kxg7 22. c4 dxc3 23. Qxc3+ Nf6 24. Be4 Qb6 25. Bf3 Kg8 26. Rd1 Rd6 27. Re1 Rd8 28. Rd1 Qd6 29. Qe3 Nd7 30. Re1 Nb6 31. Qg5 Nc4 32. Rc1 Re8 33. g3 Re5 34. Qh6 Qf6 35. Kg2 Rf5 36. Re1 Ne5 37. Bd1 Rxf2+ 38. Kg1 Ra2 39. Qe3 Nc4 40. Qe8+ Kg7 41. Rf1 Qd4+ 42. Kh1 Qxd5+ 43. Bf3 Qd2 44. Be2 Qd5+ 45. Bf3 Qd6 46. Qe6 Qxg3 47. Bg2 Qxg2# 0-1

[Event "Barbera del Valles op 36th"]
[Site "Barbera del Valles"]
[Date "2013.07.04"]
[Round "1"]
[White "Escobar Forero, Alder"]
[Black "Salazar, Aura Cristina"]
[Result "0-1"]
[WhiteElo "2466"]
[BlackElo "2200"]
[PlyCount "82"]
[EventDate "2013.07.04"]
[EventType "swiss"]
[EventRounds "9"]
[EventCountry "ESP"]
[SourceTitle "CBM 155 Extra"]
[Source "ChessBase"]
[SourceDate "2013.08.26"]
[SourceVersion "1"]
[SourceVersionDate "2013.08.26"]
[SourceQuality "1"]

1. e4 c5 2. Nf3 d6 3. d4 cxd4 4. Qxd4 Bd7 5. Bc4 Nc6 6. Qd3 Nf6 7. 0-0 e6 8. Nc3 a6 9. Bf4 b5 10. Bb3 b4 11. Nd5 exd5 12. exd5 Ne7 13. Rfe1 Qb6 14. a3 Ng4 15. Qd2 bxa3 16. Rxa3 f6 17. Nd4 g5 18. h3 Ne5 19. Be3 Qb7 20. Ne6 Nf5 21. Ba2 Be7 22. Rb3 Bb5 23. Rb4 Rc8 24. f4 Nxe3 25. Rxe3 gxf4 26. Rxf4 Bc4 27. Rxe5 Bxa2 28. Re3 Qxd5 29. Nd4 Rg8 30. b3 Bb1 31. Rfe4 Rxc2 32. Rxe7+ Kd8 33. Ne6+ Qxe6 34. Qa5+ Kxe7 35. Rxe6+ Kxe6 36. g4 Rc1+ 37. Kf2 Rgc8 38. Qxa6 R8c3 39. Qa8 Bg6 40. h4 R1c2+ 41. Ke1 Rg3 0-1

[Event "Richardson UTD op"]
[Site "Richardson"]
[Date "2013.03.11"]
[Round "5"]
[White "Salazar, Aura Cristina"]
[Black "Jacobs, John N"]
[Result "1-0"]
[WhiteElo "2202"]
[BlackElo "2300"]
[PlyCount "75"]
[EventDate "2013.03.09"]
[EventType "swiss"]
[EventRounds "9"]
[EventCountry "USA"]
[SourceTitle "CBM 153 Extra"]
[Source "ChessBase"]
[SourceDate "2013.04.22"]
[SourceVersion "1"]
[SourceVersionDate "2013.04.22"]
[SourceQuality "1"]

1. e4 c5 2. Nf3 a6 3. c4 e6 4. Nc3 d6 5. d4 cxd4 6. Nxd4 Nf6 7. Be2 Nc6 8. 0-0 Bd7 9. Be3 Be7 10. Qd2 0-0 11. Rfd1 Rb8 12. Rac1 Nxd4 13. Bxd4 Bc6 14. Qe3 Nd7 15. Qg3 g6 16. Ba7 Ra8 17. Be3 Qa5 18. Bf4 Qb4 19. Rd2 e5 20. Bh6 Rfd8 21. a3 Qb6 22. Bg5 Bxg5 23. Qxg5 Nc5 24. Qe3 Qb3 25. h4 Bxe4 26. h5 Bc6 27. Qg5 Ne6 28. Qf6 Ng7 29. Nd5 Bxd5 30. cxd5 Ne8 31. Qe7 Rdc8 32. Rxc8 Rxc8 33. Bg4 Ra8 34. Bd7 Ng7 35. h6 Qc4 36. Rd1 Qc7 37. g4 Rd8 38. Qf6 1-0

[Event "Richardson UTD op"]
[Site "Richardson"]
[Date "2013.03.10"]
[Round "3"]
[White "Salazar, Aura Cristina"]
[Black "He, Tommy O"]
[Result "1-0"]
[WhiteElo "2202"]
[BlackElo "2055"]
[PlyCount "47"]
[EventDate "2013.03.09"]
[EventType "swiss"]
[EventRounds "9"]
[EventCountry "USA"]
[SourceTitle "CBM 153 Extra"]
[Source "ChessBase"]
[SourceDate "2013.04.22"]
[SourceVersion "1"]
[SourceVersionDate "2013.04.22"]
[SourceQuality "1"]

1. e4 c5 2. Nf3 e6 3. d4 cxd4 4. Nxd4 Nc6 5. Nb5 Nf6 6. N1c3 d6 7. Bf4 e5 8. Bg5 a6 9. Na3 b5 10. Nd5 Be7 11. Bxf6 Bxf6 12. c4 b4 13. Nc2 a5 14. g3 0-0 15. h4 Rb8 16. b3 g6 17. Bh3 Bg7 18. h5 f5 19. hxg6 hxg6 20. exf5 gxf5 21. Qh5 e4 22. Bf1 Ne5 23. Be2 Be6 24. Qh7+ 1-0

[Event "Pan American Intercollegiate-chT"]
[Site "Princeton"]
[Date "2012.12.30"]
[Round "6"]
[White "Salazar, Aura Cristina"]
[Black "Ramachandran, Karthik"]
[Result "1/2-1/2"]
[WhiteElo "2225"]
[BlackElo "2080"]
[PlyCount "68"]
[EventDate "2012.12.27"]
[EventType "team-swiss"]
[EventRounds "6"]
[EventCountry "USA"]
[SourceTitle "CBM 152 Extra"]
[Source "ChessBase"]
[SourceDate "2013.02.25"]
[SourceVersion "1"]
[SourceVersionDate "2013.02.25"]
[SourceQuality "1"]
[WhiteTeam "Brownsville II"]
[BlackTeam "Austin"]
[WhiteTeamCountry "USA"]
[BlackTeamCountry "USA"]

1. d4 c6 2. c4 d5 3. e3 Nf6 4. Nd2 Bf5 5. Ngf3 e6 6. Be2 h6 7. 0-0 Nbd7 8. b3 Bd6 9. Bb2 Qc7 10. a3 Ne4 11. c5 Be7 12. Nxe4 Bxe4 13. b4 0-0 14. b5 b6 15. Qa4 bxc5 16. bxc6 Nb6 17. Qa5 c4 18. Nd2 Bg6 19. Bc3 Rfc8 20. Bb4 Bd8 21. Rac1 Qxc6 22. Qa6 Na4 23. Qxc6 Rxc6 24. e4 dxe4 25. Rxc4 Rxc4 26. Nxc4 Bf6 27. Ne5 Kh7 28. Nxg6 Kxg6 29. Bb5 Nb6 30. Bc6 Rd8 31. Bxe4+ Kh5 32. Bf3+ Kg6 33. Be4+ Kh5 34. Bf3+ Kg6 1/2-1/2

[Event "Pan American Intercollegiate-chT"]
[Site "Princeton"]
[Date "2012.12.28"]
[Round "2"]
[White "Steingrimsson, Hedinn"]
[Black "Salazar, Aura Cristina"]
[Result "1-0"]
[WhiteElo "2560"]
[BlackElo "2225"]
[PlyCount "43"]
[EventDate "2012.12.27"]
[EventType "team-swiss"]
[EventRounds "6"]
[EventCountry "USA"]
[SourceTitle "CBM 152 Extra"]
[Source "ChessBase"]
[SourceDate "2013.02.25"]
[SourceVersion "1"]
[SourceVersionDate "2013.02.25"]
[SourceQuality "1"]
[WhiteTeam "Texas Tech"]
[BlackTeam "Brownsville II"]
[WhiteTeamCountry "USA"]
[BlackTeamCountry "USA"]

1. e4 c5 2. Nf3 d6 3. Bb5+ Nd7 4. d4 cxd4 5. Qxd4 a6 6. Bxd7+ Bxd7 7. Bg5 Nf6 8. Bxf6 gxf6 9. 0-0 Qa5 10. Nc3 Qh5 11. Nd5 Rc8 12. Qb6 Bh6 13. Qxb7 Rg8 14. Ne1 Rd8 15. g3 Qe2 16. c3 Bd2 17. Ng2 h5 18. Rad1 Bg4 19. f3 Bd7 20. f4 Rg6 21. Qxa6 Bb5 22. Qxb5+ 1-0

[Event "Pamplona IRT rap op (Women)"]
[Site "Pamplona"]
[Date "2012.11.10"]
[Round "6"]
[White "Herrera, Milena"]
[Black "Salazar, Aura Cristina"]
[Result "0-1"]
[WhiteElo "2101"]
[BlackElo "2222"]
[PlyCount "190"]
[EventDate "2012.11.09"]
[EventType "swiss"]
[EventRounds "11"]
[EventCountry "COL"]
[SourceTitle "CBM 151 Extra"]
[Source "ChessBase"]
[SourceDate "2012.12.18"]
[SourceVersion "1"]
[SourceVersionDate "2012.12.18"]
[SourceQuality "1"]

1. e4 c5 2. Nf3 d6 3. Bb5+ Nd7 4. c3 Ngf6 5. Qe2 e6 6. 0-0 Be7 7. d4 0-0 8. e5 Nd5 9. Bd3 cxd4 10. exd6 Bxd6 11. Nxd4 N7f6 12. Bc2 Qc7 13. h3 a6 14. a4 b6 15. Na3 Bb7 16. Nc4 Be7 17. Bg5 Rac8 18. Nd2 Nf4 19. Bxf4 Qxf4 20. Qe3 Qxe3 21. fxe3 Nd5 22. Rfe1 Bf6 23. Bb3 Rfd8 24. N2f3 Be7 25. Kf2 Nf6 26. Nxe6 Ne4+ 27. Kg1 fxe6 28. Bxe6+ Kh8 29. Bxc8 Bxc8 30. Rad1 Rf8 31. Rd4 Nc5 32. Rf1 Bf6 33. Rb4 Nd7 34. Rc4 Nc5 35. Rb4 Nd7 36. Rc4 a5 37. Rc6 Re8 38. Nd4 Ba6 39. Rd1 Bg5 40. Nf5 Nc5 41. Rxb6 g6 42. Nd6 Bxe3+ 43. Kh1 Rf8 44. b4 Nd3 45. Rxa6 Nf2+ 46. Kh2 Nxd1 47. Rc6 Bf4+ 48. Kg1 Nxc3 49. Rxc3 Bxd6 50. bxa5 Bb4 51. Rb3 Bxa5 52. Rb5 Bd2 53. g4 g5 54. Kg2 Ra8 55. Rd5 Bf4 56. Rd4 Kg7 57. h4 h6 58. hxg5 hxg5 59. Rc4 Kf6 60. Kf3 Ke5 61. Rb4 Kd5 62. Re4 Rc8 63. Rb4 Rc3+ 64. Kf2 Ra3 65. Ke2 Rg3 66. a5 Rxg4 67. Ra4 Rg2+ 68. Kf3 Rg3+ 69. Kf2 Re3 70. a6 Re7 71. Kf3 Ra7 72. Kg4 Kc6 73. Ra1 Kb6 74. Rb1+ Kxa6 75. Rb2 Rb7 76. Ra2+ Kb6 77. Rc2 Rc7 78. Rb2+ Kc6 79. Kf5 Kd5 80. Re2 Rc5 81. Kg4 Kd4 82. Re8 Re5 83. Rd8+ Ke3 84. Ra8 Kf2 85. Ra2+ Re2 86. Ra1 Re8 87. Ra2+ Kf1 88. Ra1+ Ke2 89. Ra2+ Bd2 90. Rb2 Re4+ 91. Kg3 Rd4 92. Ra2 Kf1 93. Ra8 Be1+ 94. Kf3 g4+ 95. Ke3 Bf2# 0-1

[Event "Pamplona IRT rap op (Women)"]
[Site "Pamplona"]
[Date "2012.11.09"]
[Round "1"]
[White "Lizarazo, Alba Patricia"]
[Black "Salazar, Aura Cristina"]
[Result "0-1"]
[WhiteElo "1858"]
[BlackElo "2222"]
[PlyCount "86"]
[EventDate "2012.11.09"]
[EventType "swiss"]
[EventRounds "11"]
[EventCountry "COL"]
[SourceTitle "CBM 151 Extra"]
[Source "ChessBase"]
[SourceDate "2012.12.18"]
[SourceVersion "1"]
[SourceVersionDate "2012.12.18"]
[SourceQuality "1"]

1. e4 c5 2. c3 Nf6 3. e5 Nd5 4. d4 cxd4 5. cxd4 d6 6. exd6 e6 7. Nc3 Nxc3 8. bxc3 Qxd6 9. Nf3 Be7 10. Bd3 Nd7 11. 0-0 0-0 12. Qc2 Nf6 13. Re1 b6 14. Ng5 g6 15. Nxh7 Kxh7 16. Re3 Rh8 17. Rh3+ Kg7 18. Rxh8 Kxh8 19. Bxg6 fxg6 20. Qxg6 Bb7 21. Qh6+ Nh7 22. Bf4 Qd8 23. Re1 Qf8 24. Rxe6 Qxh6 25. Bxh6 Bg5 26. Bxg5 Nxg5 27. Re7 Bc6 28. h4 Nh7 29. g4 Re8 30. Rxe8+ Bxe8 31. f4 Nf6 32. g5 Nd5 33. c4 Nxf4 34. Kf2 Bf7 35. d5 b5 36. cxb5 Nxd5 37. Kg3 Kg7 38. Kg4 Be6+ 39. Kg3 Nc3 40. h5 Bxa2 41. Kf4 Nxb5 42. h6+ Kg6 43. Ke5 a5 0-1